| 000 | 00834nam a22002177a 4500 | ||
|---|---|---|---|
| 999 |
_c16076 _d16076 |
||
| 003 | AR-CdUCM | ||
| 008 | 190502b ||||| |||| 00| 0 spa d | ||
| 040 |
_aMUNICIPALIDAD PROVINCIAL DEL CUSCO _cBIBLIOTECA MUNICIPAL DEL CUSCO |
||
| 082 |
_a985.09 / _bV71 |
||
| 100 |
_aVillanueva Valencia, Víctor _98543 |
||
| 245 |
_a100 años del Ejército Peruano : _bFrustraciones y cambios / |
||
| 260 |
_aLima : _bJuan Mejía Baca, _c1971. |
||
| 300 |
_a185 paginas ; _c20 cm. |
||
| 505 | _aContenido :El ejercito pierde el poder --Guerra con Chile -- ¿Un nuevo trauma? --Guerra civil de 1895 --Era de los golpes militares ... | ||
| 650 |
_aPolítica y fuerzas armadas _98329 |
||
| 650 |
_aGuerrillas (Comunismo) _935349 |
||
| 650 |
_aGolpes de Estado _935350 |
||
| 650 |
_aPerú _935 |
||
| 942 |
_2ddc _cLIBROS |
||
| 945 |
_arjall _d2019-05-02 |
||